Padesát let Zdeňka Nejedlého /
Uložené v:
| Ďalší autori: | |
|---|---|
| Médium: | Kniha |
| Jazyk: | Czech |
| Vydané: |
Praha :
Legiografie,
1928.
|
| Vydanie: | 1. vyd. |
| Edícia: | Dobrá edice
|
| ISBN: |
(viaz.) |
| Fyzický popis: |
[250] s. |
| Tagy: |
Pridať tag
Žiadne tagy, Buďte prvý kto otaguje tento záznam!
|
Titul je dostupný aj v ... 

MARC
| LEADER | 00000nam a22000007a 4500 | ||
|---|---|---|---|
| 001 | 000423821 | ||
| 005 | 20130625203542.0 | ||
| 008 | 060627s1928 xr e cze d | ||
| 020 | |a (viaz.) |c Kčs 30,00 | ||
| 040 | |a SVKKK |b slo |c SVKKK |e AACR2 | ||
| 041 | 0 | |a cze | |
| 044 | |a xr |c CZ | ||
| 245 | 0 | 0 | |a Padesát let Zdeňka Nejedlého / |c [zredigoval a k jubilejnímu dni 10. II. 1928 vydal Bedřich Bělohlávek]. |
| 250 | |a 1. vyd. | ||
| 260 | |a Praha : |b Legiografie, |c 1928. | ||
| 300 | |a [250] s. | ||
| 490 | 1 | |a Dobrá edice | |
| 700 | 1 | |a Bělohlávek, Bedřich, |d 1902-1991 |4 edt | |
| 910 | |a svkkk | ||
| 998 | |a BK | ||
| 090 | |g SCKHL |k Sklad Pribinova prízemie |a I.10317 |j 118719 |i 2720378656 |s Prezenčne | ||